| 000 | 00430nam a2200133Ia 4500 | ||
|---|---|---|---|
| 001 | 138640 | ||
| 003 | 230811 | ||
| 005 | 20201025200408.0 | ||
| 008 | ||||||n9999 ||| || || | ||
| 100 |
_aÁlvarez Garnica , Nelly _9169637 |
||
| 245 | 0 | _aIncidencia en el comportamiento de las finanzas públicas, por el cambio de categoría del municipio de San Juan de Girón durante la vigencia 2005 | |
| 562 | _e1 | ||
| 942 | _cTESIS | ||
| 999 |
_c138640 _d138640 |
||